<?xml version="1.0" encoding="UTF-8"?>
<record
    xmlns:xsi="http://www.w3.org/2001/XMLSchema-instance"
    xsi:schemaLocation="http://www.loc.gov/MARC21/slim http://www.loc.gov/standards/marcxml/schema/MARC21slim.xsd"
    xmlns="http://www.loc.gov/MARC21/slim">

  <leader>03067cam a2200277Ii 4500</leader>
  <controlfield tag="001">99116415920904341</controlfield>
  <controlfield tag="005">20250828084944.0</controlfield>
  <controlfield tag="008">190827t20202020enka     b    001 0 eng d</controlfield>
  <datafield tag="020" ind1=" " ind2=" ">
    <subfield code="a">9781108701297</subfield>
    <subfield code="q">paperback</subfield>
  </datafield>
  <datafield tag="035" ind1=" " ind2=" ">
    <subfield code="a">(OCoLC)1113279313</subfield>
    <subfield code="z">(OCoLC)1090738131</subfield>
    <subfield code="z">(OCoLC)1144407387</subfield>
  </datafield>
  <datafield tag="035" ind1=" " ind2=" ">
    <subfield code="a">(OCoLC)on1113279313</subfield>
  </datafield>
  <datafield tag="040" ind1=" " ind2=" ">
    <subfield code="a">YDX</subfield>
    <subfield code="b">eng</subfield>
    <subfield code="e">rda</subfield>
    <subfield code="c">YDX</subfield>
    <subfield code="d">UOL</subfield>
    <subfield code="d">YDXIT</subfield>
    <subfield code="d">AU@</subfield>
    <subfield code="d">OCLCO</subfield>
    <subfield code="d">OCL</subfield>
  </datafield>
  <datafield tag="041" ind1=" " ind2=" ">
    <subfield code="a">English</subfield>
  </datafield>
  <datafield tag="050" ind1=" " ind2="4">
    <subfield code="a">HD58.6</subfield>
    <subfield code="b">.F45 2020</subfield>
  </datafield>
  <datafield tag="100" ind1=" " ind2=" ">
    <subfield code="a">Fells, R. E.</subfield>
    <subfield code="q">(Ray E.),</subfield>
    <subfield code="e">author.</subfield>
  </datafield>
  <datafield tag="245" ind1="1" ind2="0">
    <subfield code="a">Effective negotiation </subfield>
    <subfield code="b">: from research to results </subfield>
    <subfield code="c">/ Ray Fells and Noa Sheer.</subfield>
  </datafield>
  <datafield tag="250" ind1=" " ind2=" ">
    <subfield code="a">Fourth edition.</subfield>
  </datafield>
  <datafield tag="264" ind1=" " ind2="1">
    <subfield code="a">Cambridge :</subfield>
    <subfield code="b">Cambridge University Press,</subfield>
    <subfield code="c">2020.</subfield>
  </datafield>
  <datafield tag="300" ind1=" " ind2=" ">
    <subfield code="a">xi, 420 pages :</subfield>
    <subfield code="b">illustrations ;</subfield>
    <subfield code="c">25 cm</subfield>
  </datafield>
  <datafield tag="504" ind1=" " ind2=" ">
    <subfield code="a">Includes bibliographical references and index.</subfield>
  </datafield>
  <datafield tag="505" ind1=" " ind2=" ">
    <subfield code="a">Why isn't negotiation straightforward? &#x2014; Negotiators are people, not robots &#x2014; Establishing what can be achieved by negotiating &#x2014; Strategically managing the negotiation process &#x2014; Differentiation: managing the exchange of information &#x2014; Exploration: finding a better outcome &#x2014; Exchange: getting the other party to agree &#x2014; Strategically managing deadlocks &#x2014; Overcoming deadlocks through mediation &#x2014; Negotiation in practice: negotiators building bridges on behalf of others &#x2014; Negotiation in practice: managing negotiations in the workplace &#x2014; Negotiation in practice: managing business negotiations &#x2014; Cross-cultural negotiations: much the same but different &#x2014; Conclusion: becoming an effective negotiator.</subfield>
  </datafield>
  <datafield tag="520" ind1=" " ind2=" ">
    <subfield code="a">The fourth edition of Effective Negotiation provides a practical and thematic approach to negotiation and mediation in professional contexts. Drawing on research and extensive teaching and practical experience, Fells and Sheer describe key elements of negotiations and explain the core tasks involved in reaching an agreement: information exchange, solution-seeking and concession management. This edition features a substantial revision and re-alignment of content, providing discussion of overarching themes and methodologies before moving to focused considerations of the underlying mechanics of negotiation. A new chapter on deadlocks provides detailed analysis of strategically managing and resolving deadlocked negotiations. In addition to the 'Negotiation in Practice' and 'Negotiation Skill Tips' boxes, chapters now include real-world case studies. An accessible, practical and strategic exploration of the complex mechanics and dynamics of negotiation, mediation and dispute resolution, Effective Negotiation remains an essential resource for students and professionals in business and management, law and human resource management.

Encourages a stage model of negotiation, where distributive and integrative are sub-processes - 
Features clear links between research and practice, reinforced by appropriate, well researched case studies -
Includes an accompanying website for instructors.</subfield>
  </datafield>
  <datafield tag="650" ind1=" " ind2="0">
    <subfield code="a">Negotiation in business</subfield>
    <subfield code="9">27</subfield>
  </datafield>
  <datafield tag="700" ind1=" " ind2=" ">
    <subfield code="a">Sheer, Noa,</subfield>
    <subfield code="e">author.</subfield>
    <subfield code="9">25822</subfield>
  </datafield>
  <datafield tag="942" ind1=" " ind2=" ">
    <subfield code="2">lcc</subfield>
  </datafield>
  <datafield tag="952" ind1=" " ind2=" ">
    <subfield code="0">0</subfield>
    <subfield code="1">0</subfield>
    <subfield code="2">lcc</subfield>
    <subfield code="4">0</subfield>
    <subfield code="7">0</subfield>
    <subfield code="a">TBS</subfield>
    <subfield code="b">TBS</subfield>
    <subfield code="d">2025-08-28</subfield>
    <subfield code="l">0</subfield>
    <subfield code="o">HD58.6 FEL</subfield>
    <subfield code="p">B05697</subfield>
    <subfield code="r">2025-08-28</subfield>
    <subfield code="t">1</subfield>
    <subfield code="w">2025-08-28</subfield>
    <subfield code="y">1</subfield>
  </datafield>
  <datafield tag="999" ind1=" " ind2=" ">
    <subfield code="c">4892</subfield>
    <subfield code="d">4892</subfield>
  </datafield>
</record>
